000 00571nam a2200157Ia 4500
008 240126s9999 xx 000 0 und d
041 _aEnglish
082 _aPRIS08-1278
100 _aDoulat Desai, Nagabhushan B S, Navin N, Vishweshwara Bhatta V
245 3 _aAn Application of Real Time Streaming Protocol [electronic resource: Project Report]
_bChitra R
260 _bPESIT, Dept. of IS
_aBangalore
440 _aNULL
650 _aInformation Science
650 _aTime,Streaming,Protocol,[electronic,resource:,Project,Report],Information Science
942 _cPR
999 _c258432
_d258432